Alternatíva ukrytá v debničkách

Za posledných 30 rokov sa maloobchod a spotreba výrazne zmenili. Slovensko ovplyvňujú rôzne globalizačné trendy v správaní spotrebiteľov. Podstatný je posun v relokalizácii. Vznikajú alternatívy v maloobchode a spotrebe. Vybrané trendy a ich prejavy v priestorových súvislostiach. Zintenzívnenie vzťa...

ver descrição completa

Na minha lista:
Detalhes bibliográficos
Autor principal: Hencelová, Petra
Formato: Capítulo de Livro
Idioma:eslovaco
inglês
Assuntos:
Tags: Adicionar Tag
Sem tags, seja o primeiro a adicionar uma tag!

MARC

LEADER 00000naa a2200000 4500
001 0282054
005 20240312151702.3
041 0 |a slo 
041 0 |a eng 
044 |a SK 
245 1 0 |a Alternatíva ukrytá v debničkách  |c Petra Hencelová 
520 |a Za posledných 30 rokov sa maloobchod a spotreba výrazne zmenili. Slovensko ovplyvňujú rôzne globalizačné trendy v správaní spotrebiteľov. Podstatný je posun v relokalizácii. Vznikajú alternatívy v maloobchode a spotrebe. Vybrané trendy a ich prejavy v priestorových súvislostiach. Zintenzívnenie vzťahov - spotrebitelia a lokálni producenti potravín. 
610 2 0 |a organizácia obchodu 
610 2 0 |a schémy organizačné 
610 2 0 |a reťazce distribučné 
610 2 0 |a Slovensko 
100 1 |a Hencelová, Petra